Statistics for Best Premier League Transfers 2019-2020

Click here to take the quiz!

General Stats

  • This quiz has been taken 204 times
  • The average score is 26 of 96

Answer Stats

FromToFeePlayer% Correct
Leicester CityMan United87MHarry Maguire
97%
LilleArsenal80MNicolas Pepe
92%
Atletico MadridMan City70MRodri
90%
Crystal PalaceMan United55MAaron Wan-Bissaka
88%
JuventusMan City65MJoao Cancelo
83%
LyonSpurs60MTanguy Ndombele
79%
Real MadridChelsea45MMateo Kovacic
74%
FrankfurtWest Ham40MSebastien Haller
68%
MonacoLeicester City45MYouri Tielemans
67%
HoffenheimNewcastle United44MJoelinton
64%
CelticArsenal27MKieran Tierney
63%
JuventusEverton27,5MMoise Kean
61%
ArsenalEverton30,4MAlex Iwobi
57%
BarcelonaEverton25MAndre Gomes
54%
FulhamSpurs27MRyan Sessegnon
52%
Newcastle UnitedLeicester City33,4MAyoze Perez
50%
BenficaWolves38MRaul Jimenez
48%
LiverpoolSouthampton22,2MDanny Ings
47%
Stade RennesWatford30MIsmaila Sarr
46%
ChelseaArsenal8,7MDavid Luiz
43%
Man CityAston Villa16,8MDouglas Luiz
43%
VillarrealWest Ham28MPablo Fornals
38%
Club BruggeAston Villa25MWesley
38%
Swansea CityMan United12MDaniel James
37%
Real BetisSpursLOAN+16MGiovani Lo Celso
37%
Real MadridArsenalLOANDani Ceballos
32%
Man CityEverton9,5MFabian Delph
32%
MilanWolves18MPatrick Cutrone
32%
BournemouthAston Villa22,3MTyrone Mings
32%
LiverpoolBournemouthLOAN+2,7MHarry Wilson
30%
BirminghamAston Villa4,5MJota
29%
AnderlechtWolves13,5MLeander Dendoncker
29%
BrentfordBrighton21,9MNeal Maupay
29%
NiceNewcastle United18MAllan Saint-Maximin
28%
Man UnitedSheffieldLOANDean Henderson
28%
PSVMan City12MAngelino
26%
MillwallWest HamFREEDavid Martin
25%
GenkBrighton20MLeandro Trossard
25%
SampdoriaLeicester City21MDennis Praet
24%
MainzEverton25MJean-Philippe Gbamin
23%
LazioWolves18,3MPedro Neto
23%
West HamLiverpoolFREEAdrian
22%
BirminghamSouthampton16,7MChe Adams
22%
ArsenalWatfordFREEDanny Welbeck
21%
BurnleyAston Villa8,8MTom Heaton
21%
HuddersfieldBrightonLOANAaron Mooy
20%
KasimpasaAston Villa10MTrezeguet
20%
ChelseaBurnleyLOANDanny Drinkwater
19%
Swansea CitySheffield19,1MOliver McBurnie
19%
Bristol CityBrighton21,8MAdam Webster
18%
ItuanoArsenal6,7MGabriel Martinelli
17%
SouthamptonAston Villa15,5MMatt Targett
17%
HuddersfieldBournemouth16,5MPhilip Billing
17%
MonacoEvertonLOAN+2,5MDjibril Sidibe
16%
ChelseaCrystal PalaceFREEGary Cahill
16%
PEC ZwolleLiverpool1,9MSepp van den Berg
16%
Real MadridWolvesLOANJesus Vallejo
14%
Derby CountyMan CityLOANScott Carson
14%
West HamNewcastle UnitedFREEAndy Carroll
12%
West BromWatford6MCraig Dawson
12%
West BromBurnley5,5MJay Rodriguez
12%
FrankfurtNewcastle UnitedLOAN+1MJetro Willems
12%
HuddersfieldEvertonFREEJonas Lossl
12%
BournemouthSheffield11,1MLys Mousset
12%
Club BruggeAston Villa12MMarvelous Nakamba
12%
Man CityNorwich CityLOANPatrick Roberts
12%
EspanyolWest HamFREERoberto
12%
LilleAston Villa9MAnwar El Ghazi
11%
Standard LiegeSouthampton15,7MMoussa Djenepo
11%
Preston NESheffield7,8MCallum Robinson
10%
BrentfordAston Villa13,3MEzri Konsa
10%
EvertonSheffieldFREEPhil Jagielka
10%
EvertonCrystal Palace3,3MJames McCarthy
9%
FlumineseWatford2,5MJoao Pedro
9%
Schalke 04Norwich CityLOAN+3MRalf Fahrmann
9%
BaselWest Ham8,7MAlbian Ajeti
8%
ReimsAston Villa8MBjorn Engels
8%
AmiensNewcastle United5,4MEmil Krafth
7%
GladbachNorwich CityFREEJosip Drmic
7%
WolvesAston Villa3,4MKortney Hause
7%
EvertonSheffieldLOANMuhamed Besic
7%
OstersundSheffieldFREERavel Morrison
7%
Real BetisCrystal PalaceLOAN+1,5MVictor Camarasa
7%
BoavistaWest Ham3MGoncalo Cardoso
6%
Swansea CityCrystal Palace2,8MJordan Ayew
6%
Bristol CityBournemouth14,8MLloyd Kelly
6%
Club BruggeBournemouth18MArnaut Danjuma
5%
Stoke CityBurnley1,1MErik Pieters
5%
LazioWolves9,2MBruno Jordao
4%
AugsburgSouthamptonLOAN+4MKevin Danso
4%
NottinghamSheffield3,9MBen Osborn
3%
Luton TownBournemouth4,4MJack Stacey
3%
QPRSheffield5,6MLuke Freeman
3%
MechelenSheffieldFREEMichael Verrips
2%
Man CityWatfordFREETom Dele-Bashiru
2%
LeedsBurnley2,7MBailey Peacock-Farrell
1%

Score Distribution

Percentile by Number Answered

Percent of People with Each Score

Your Score History

You have not taken this quiz